000 01791nam a2200445Ia 4500
001 ebr10447169
003 CaPaEBR
006 m u
007 cr cn|||||||||
008 101123s2011 mduab sb 001 0 eng d
010 _z 2010047434
020 _z9781442206090 (cloth : alk. paper)
020 _z1442206098 (cloth : alk. paper)
020 _z9781442206113 (electronic)
020 _z144220611X (electronic)
040 _aCaPaEBR
_cCaPaEBR
035 _a(OCoLC)705930009
050 1 4 _aF1435.3.C14
_bR47 2011eb
082 0 4 _a236/.9
_222
100 1 _aRestall, Matthew,
_d1964-
245 1 0 _a2012 and the end of the world
_h[electronic resource] :
_bthe Western roots of the Maya apocalypse /
_cMatthew Restall and Amara Solari.
246 3 _aTwo thousand twelve and the end of the world
246 3 _aTwo thousand and twelve and the end of the world
246 3 _aTwenty twelve and the end of the world
260 _aLanham, MD :
_bRowman & Littlefield :
_bDistributed by National Book Network,
_cc2011.
300 _axi, 147 p. :
_bill., map.
504 _aIncludes bibliographical references and index.
533 _aElectronic reproduction.
_bPalo Alto, Calif. :
_cebrary,
_d2011.
_nAvailable via World Wide Web.
_nAccess may be limited to ebrary affiliated libraries.
650 0 _aTwo thousand twelve, A.D.
650 0 _aMaya calendar.
650 0 _aMaya philosophy.
650 0 _aProphecies.
650 0 _aEnd of the world.
650 0 _aMillennialism.
650 0 _aCivilization, Western.
650 0 _aCivilization, Medieval.
655 7 _aElectronic books.
_2local
700 1 _aSolari, Amara,
_d1978-
856 4 0 _uhttp://site.ebrary.com/lib/rucke/Doc?id=10447169
_zAn electronic book accessible through the World Wide Web; click to view
999 _c136736
_d136736